[Event "NRW Class1 1617"]
[Site "Germany"]
[Date "2016.11.13"]
[Round "3.7"]
[White "Imcke, Patrick"]
[Black "Liedtke, Dirk"]
[Result "1/2-1/2"]
[WhiteElo "2086"]
[BlackElo "2172"]
[PlyCount "61"]
[EventDate "2016.09.25"]
[EventType "team-tourn"]
[EventRounds "9"]
[EventCountry "GER"]
[SourceTitle "EXT 2023"]
[Source "ChessBase"]
[SourceDate "2022.10.05"]
[SourceVersion "1"]
[SourceVersionDate "2022.10.05"]
[SourceQuality "1"]
[WhiteTeam "Katernberg SF II"]
[BlackTeam "Ratingen"]
[WhiteTeamCountry "GER"]
[BlackTeamCountry "GER"]

1. e4 e6 2. d4 d5 3. Nc3 Bb4 4. Nge2 Nf6 5. e5 Nfd7 6. f4 0-0 7. a3 Be7 8. f5 f6 9. fxe6 Nb6 10. Nf4 fxe5 11. dxe5 Rf5 12. Bd3 Rxe5+ 13. Nce2 Bxe6 14. Nxe6 Rxe6 15. 0-0 N8d7 16. Nd4 Rf6 17. Bf5 Nf8 18. Qg4 c5 19. Ne6 Nxe6 20. Bxe6+ Kh8 21. Bf4 Rg6 22. Qh3 Bg5 23. Bxg5 Qxg5 24. Rf5 Qe7 25. Bxd5 Rd8 26. c4 Nxd5 27. cxd5 h6 28. Qf3 Rg5 29. Rf7 Qd6 30. Rxb7 Rxd5 31. Rxa7 1/2-1/2

[Event "Forchheim op-A 14th"]
[Site "Forchheim"]
[Date "2015.10.03"]
[Round "3"]
[White "Imcke, Patrick"]
[Black "Weigert, Wilhelm"]
[Result "1/2-1/2"]
[WhiteElo "2119"]
[BlackElo "2037"]
[PlyCount "110"]
[EventDate "2015.10.02"]
[EventType "swiss"]
[EventRounds "5"]
[EventCountry "GER"]
[SourceTitle "EXT 2019"]
[Source "ChessBase"]
[SourceDate "2018.10.10"]
[SourceVersion "1"]
[SourceVersionDate "2018.10.10"]
[SourceQuality "1"]

1. e4 d6 2. d4 Nf6 3. Nc3 g6 4. f3 c6 5. Be3 Nbd7 6. Qd2 b5 7. g4 Nb6 8. g5 Nfd7 9. d5 Ne5 10. b3 b4 11. Nd1 Bg7 12. Bd4 c5 13. Bb2 f6 14. h4 a5 15. a4 c4 16. Bd4 Ba6 17. Qe3 Rb8 18. Nf2 Bc8 19. Bh3 Bxh3 20. Ngxh3 Nbd7 21. h5 f5 22. Rd1 cxb3 23. cxb3 Nxf3+ 24. Qxf3 Bxd4 25. Rxd4 Qb6 26. Rd1 Ne5 27. Qe2 0-0 28. hxg6 hxg6 29. Nd3 Rbc8 30. Nxe5 dxe5 31. Nf2 Rc3 32. Rh3 Rfc8 33. Kf1 Rxh3 34. Nxh3 Rc3 35. Nf2 f4 36. Rd3 Rc1+ 37. Kg2 Qc5 38. Qg4 Rc2 39. Qh4 Kf7 40. Rf3 Rc3 41. Ng4 Qd4 42. Qh7+ Ke8 43. Qg8+ Kd7 44. Qe6+ Kd8 45. Nxe5 Rc2+ 46. Kh3 Kc7 47. Qxe7+ Kb6 48. Rxf4 Rc7 49. Rf6+ Kb7 50. Qe6 Rh7+ 51. Kg3 Qg1+ 52. Kf3 Qf1+ 53. Kg3 Qg1+ 54. Kf3 Qf1+ 55. Kg3 Qg1+ 1/2-1/2

[Event "NRW Class2 1415"]
[Site "Germany"]
[Date "2015.03.01"]
[Round "7.7"]
[White "Imcke, Patrick"]
[Black "Rott, Georg"]
[Result "0-1"]
[WhiteElo "2068"]
[BlackElo "2113"]
[PlyCount "58"]
[EventDate "2014.09.14"]
[EventType "team-tourn"]
[EventRounds "9"]
[EventCountry "GER"]
[SourceTitle "EXT 2017"]
[Source "ChessBase"]
[SourceDate "2016.10.25"]
[SourceVersion "1"]
[SourceVersionDate "2016.10.25"]
[SourceQuality "1"]
[WhiteTeam "Katernberg II"]
[BlackTeam "Muenster"]
[WhiteTeamCountry "GER"]
[BlackTeamCountry "GER"]

1. e4 e6 2. d4 d5 3. Nc3 Bb4 4. exd5 exd5 5. Bd3 Nc6 6. a3 Be7 7. Nge2 Bf6 8. Bf4 a6 9. Qd2 Be6 10. 0-0-0 Nge7 11. Bg5 Ng6 12. h4 h6 13. Bxf6 Qxf6 14. h5 Nge7 15. Qf4 Qg5 16. Kb1 0-0-0 17. Rh4 f5 18. Na4 Kb8 19. Nc5 Bc8 20. g3 Qf6 21. Qd2 Qd6 22. Ng1 g5 23. hxg6 Nxg6 24. Rxh6 Rxh6 25. Qxh6 Nxd4 26. c3 Nc6 27. f4 Rh8 28. Qg5 Qxc5 29. Qxg6 Rh1 0-1

[Event "Forchheim op-A 13th"]
[Site "Forchheim"]
[Date "2014.10.05"]
[Round "5"]
[White "Arnold, Max"]
[Black "Imcke, Patrick"]
[Result "1-0"]
[WhiteElo "2150"]
[BlackElo "2048"]
[PlyCount "53"]
[EventDate "2014.10.03"]
[EventType "swiss"]
[EventRounds "5"]
[EventCountry "GER"]
[SourceTitle "EXT 2019"]
[Source "ChessBase"]
[SourceDate "2018.10.10"]
[SourceVersion "1"]
[SourceVersionDate "2018.10.10"]
[SourceQuality "1"]

1. e4 e6 2. d3 d5 3. Qe2 Be7 4. Nf3 c5 5. g3 Nc6 6. Bg2 Nf6 7. 0-0 0-0 8. e5 Nd7 9. c4 d4 10. h4 Qc7 11. Bf4 b6 12. Nbd2 Bb7 13. Rfe1 Nb4 14. Nf1 Qc6 15. a3 Na6 16. N1d2 Rae8 17. Ne4 f5 18. exf6 gxf6 19. Nh2 Kh8 20. Qh5 f5 21. Bf3 Qc8 22. Nd6 Bxd6 23. Bxd6 Nf6 24. Qh6 Rf7 25. Be5 Ref8 26. Bh5 Qd8 27. Bxf7 1-0

[Event "Forchheim op-A 13th"]
[Site "Forchheim"]
[Date "2014.10.04"]
[Round "3"]
[White "Wichmann, Adrian"]
[Black "Imcke, Patrick"]
[Result "0-1"]
[WhiteElo "1881"]
[BlackElo "2048"]
[PlyCount "88"]
[EventDate "2014.10.03"]
[EventType "swiss"]
[EventRounds "5"]
[EventCountry "GER"]
[SourceTitle "EXT 2019"]
[Source "ChessBase"]
[SourceDate "2018.10.10"]
[SourceVersion "1"]
[SourceVersionDate "2018.10.10"]
[SourceQuality "1"]

1. e4 e6 2. d4 d5 3. Nc3 Nf6 4. e5 Nfd7 5. Nf3 c5 6. Be3 Nc6 7. Ne2 cxd4 8. Bxd4 Qc7 9. Nc3 Ndxe5 10. Nxe5 Nxe5 11. Qe2 Nc6 12. 0-0-0 Nxd4 13. Rxd4 Be7 14. h4 Bd7 15. g4 Bc6 16. Bg2 0-0-0 17. g5 Rd7 18. Re1 a6 19. Bh3 Kb8 20. Qf3 Bc5 21. Rd3 Ka8 22. Red1 Rhd8 23. Re1 d4 24. Ne4 Qa5 25. Qe2 Qxa2 26. Nxc5 Qa1+ 27. Kd2 Qa5+ 28. Kc1 Qxc5 29. Qe5 Qb4 30. Rb3 Qa4 31. Qxg7 Bd5 32. Ra3 Qb4 33. Rd1 Be4 34. Bf1 Rc8 35. Bd3 Bxd3 36. Rdxd3 Qe1+ 37. Rd1 Qxf2 38. Qxh7 f5 39. Rc3 Rxh7 40. Rxc8+ Ka7 41. g6 Rg7 42. h5 Qh2 43. Rh8 Rxg6 44. b3 Rg7 0-1

[Event "Dortmund Sparkassen op-A"]
[Site "Dortmund"]
[Date "2014.07.17"]
[Round "6"]
[White "Imcke, Patrick"]
[Black "Hahn, Matthias"]
[Result "1/2-1/2"]
[WhiteElo "2022"]
[BlackElo "2047"]
[PlyCount "53"]
[EventDate "2014.07.12"]
[EventType "swiss"]
[EventRounds "9"]
[EventCountry "GER"]
[SourceTitle "CBM 161 Extra"]
[Source "ChessBase"]
[SourceDate "2014.08.29"]
[SourceVersion "1"]
[SourceVersionDate "2014.08.29"]
[SourceQuality "1"]

1. e4 e5 2. Nf3 Nc6 3. d4 exd4 4. Bc4 Bc5 5. c3 Nf6 6. cxd4 Bb4+ 7. Nc3 Nxe4 8. 0-0 Bxc3 9. bxc3 d5 10. Bd3 0-0 11. Qc2 h6 12. Bf4 Re8 13. Rfe1 Bg4 14. Ne5 Nxe5 15. Bxe5 Nd6 16. h3 Bd7 17. Re3 f6 18. Bxd6 Rxe3 19. fxe3 cxd6 20. Qb3 Bc6 21. Be4 Kh8 22. Bxd5 Qe7 23. e4 Re8 24. Re1 Bxd5 25. Qxd5 Qc7 26. c4 Qc6 27. Qxc6 1/2-1/2

[Event "Dortmund Sparkassen op-A"]
[Site "Dortmund"]
[Date "2014.07.12"]
[Round "1"]
[White "Imcke, Patrick"]
[Black "Michalczak, Thomas"]
[Result "1-0"]
[WhiteElo "2022"]
[BlackElo "2283"]
[PlyCount "33"]
[EventDate "2014.07.12"]
[EventType "swiss"]
[EventRounds "9"]
[EventCountry "GER"]
[SourceTitle "CBM 161 Extra"]
[Source "ChessBase"]
[SourceDate "2014.08.29"]
[SourceVersion "1"]
[SourceVersionDate "2014.08.29"]
[SourceQuality "1"]

1. e4 e5 2. Nf3 Nc6 3. d4 exd4 4. Bc4 Nf6 5. e5 d5 6. Bb5 Ne4 7. Nxd4 Bd7 8. Bxc6 bxc6 9. 0-0 Bc5 10. f3 Ng5 11. Be3 Qe7 12. Qd2 h6 13. Nc3 Bb4 14. h4 Nh7 15. Qf2 c5 16. Nxd5 cxd4 17. Bxd4 1-0

[Event "GER-chT U16"]
[Site "Lingen"]
[Date "2013.12.28"]
[Round "4.1"]
[White "Spaet, Alexander"]
[Black "Imcke, Patrick"]
[Result "1-0"]
[WhiteElo "1987"]
[BlackElo "2045"]
[PlyCount "107"]
[EventDate "2013.12.27"]
[EventType "team-swiss"]
[EventRounds "7"]
[EventCountry "GER"]
[SourceTitle "EXT 2015"]
[Source "ChessBase"]
[SourceDate "2014.11.20"]
[SourceVersion "1"]
[SourceVersionDate "2014.11.20"]
[SourceQuality "1"]
[WhiteTeam "Koenigsspringer"]
[BlackTeam "Katernberg"]
[WhiteTeamCountry "GER"]
[BlackTeamCountry "GER"]

1. e4 e6 2. d4 d5 3. Nc3 Nf6 4. e5 Nfd7 5. f4 c5 6. Nf3 Nc6 7. Be3 a6 8. Qd2 b5 9. Nd1 Bb7 10. c3 cxd4 11. Nxd4 Nc5 12. Nf2 Be7 13. Be2 Rc8 14. 0-0 g6 15. b4 Na4 16. Nd3 Nb6 17. Nb2 Nxd4 18. Bxd4 Nc4 19. Nxc4 dxc4 20. Qe3 Bd5 21. a4 0-0 22. Bf3 Bxf3 23. Rxf3 Qd7 24. Rff1 bxa4 25. Ra2 Rfd8 26. Rfa1 Bxb4 27. Rxa4 a5 28. Bb6 Bf8 29. Rxa5 Qd3 30. Qxd3 Rxd3 31. Ra8 Rxa8 32. Rxa8 Rd5 33. Rc8 g5 34. Bd8 Bc5+ 35. Kf1 Kg7 36. Bxg5 h5 37. Ke2 Kg6 38. Rc7 Bf8 39. Rxc4 Bh6 40. Bxh6 Kxh6 41. Rd4 Ra5 42. c4 Kg6 43. Rd3 Ra2+ 44. Kf3 Rc2 45. Rd4 Rc3+ 46. Ke2 Rc2+ 47. Kd3 Rxg2 48. c5 Ra2 49. Rc4 Ra7 50. c6 Rc7 51. Kc3 f6 52. Kb4 fxe5 53. fxe5 Kf5 54. Rc5 1-0

[Event "NRW Class1 1314"]
[Site "Germany"]
[Date "2013.11.17"]
[Round "3.8"]
[White "Schulte, Oliver1111"]
[Black "Imcke, Patrick"]
[Result "0-1"]
[WhiteElo "1991"]
[BlackElo "2045"]
[PlyCount "82"]
[EventDate "2013.09.15"]
[EventType "team-tourn"]
[EventRounds "9"]
[EventCountry "GER"]
[SourceTitle "EXT 2015"]
[Source "ChessBase"]
[SourceDate "2014.11.20"]
[SourceVersion "1"]
[SourceVersionDate "2014.11.20"]
[SourceQuality "1"]
[WhiteTeam "Lieme"]
[BlackTeam "Katernberg II"]
[WhiteTeamCountry "GER"]
[BlackTeamCountry "GER"]

1. d4 Nf6 2. Nf3 g6 3. Bg5 Bg7 4. Nbd2 c5 5. c3 cxd4 6. cxd4 Nc6 7. e3 h6 8. Bh4 d6 9. a3 Bf5 10. h3 0-0 11. g4 Bd7 12. Bg2 e5 13. d5 Ne7 14. e4 Bb5 15. Bxf6 Bxf6 16. Qb3 Ba6 17. Bf1 Bxf1 18. Kxf1 Qd7 19. Nc4 Bg7 20. Kg2 f5 21. gxf5 gxf5 22. Ncxe5 dxe5 23. d6+ Rf7 24. dxe7 fxe4 25. Nh2 Qxe7 26. Rae1 Qf6 27. Rhf1 h5 28. Kh1 Qf5 29. Qe3 Raf8 30. Qxe4 Qxe4+ 31. Rxe4 Rxf2 32. Rxf2 Rxf2 33. b3 Kf7 34. Kg1 Rb2 35. Rb4 b6 36. Nf3 Kf6 37. a4 Bf8 38. Re4 Bc5+ 39. Kh1 Kf5 40. Rxe5+ Kf4 41. Ne1 Rb1 0-1

[Event "GER-ch U16"]
[Site "Oberhof"]
[Date "2012.05.31"]
[Round "7"]
[White "Imcke, Patrick"]
[Black "Adiyaman, Rene"]
[Result "1-0"]
[WhiteElo "1906"]
[BlackElo "1784"]
[PlyCount "43"]
[EventDate "2012.05.27"]
[EventType "swiss"]
[EventRounds "9"]
[EventCountry "GER"]
[SourceTitle "CBM 148 Extra"]
[Source "ChessBase"]
[SourceDate "2012.06.22"]
[SourceVersion "1"]
[SourceVersionDate "2012.06.22"]
[SourceQuality "1"]

1. e4 g6 2. d4 Bg7 3. Nc3 d6 4. Be3 Nd7 5. Qd2 h6 6. 0-0-0 e6 7. f4 Ne7 8. Nf3 b6 9. Bd3 Bb7 10. Rhf1 Nf6 11. f5 gxf5 12. exf5 Qd7 13. fxe6 fxe6 14. Rfe1 0-0-0 15. g3 Nfd5 16. Nxd5 Nxd5 17. Bg1 Qa4 18. c3 e5 19. dxe5 dxe5 20. Qe2 e4 21. Bb5 exf3 22. Qe6+ 1-0

[Event "GER-ch U16"]
[Site "Oberhof"]
[Date "2012.05.29"]
[Round "5"]
[White "Imcke, Patrick"]
[Black "Groetzbach, Julian"]
[Result "1/2-1/2"]
[WhiteElo "1906"]
[BlackElo "2071"]
[PlyCount "83"]
[EventDate "2012.05.27"]
[EventType "swiss"]
[EventRounds "9"]
[EventCountry "GER"]
[SourceTitle "CBM 148 Extra"]
[Source "ChessBase"]
[SourceDate "2012.06.22"]
[SourceVersion "1"]
[SourceVersionDate "2012.06.22"]
[SourceQuality "1"]

1. e4 c5 2. Nc3 d6 3. Nf3 a6 4. d4 cxd4 5. Nxd4 Nf6 6. Be2 e5 7. Nb3 Be7 8. Bg5 Be6 9. Qd3 Nbd7 10. 0-0-0 b5 11. f4 Qc7 12. f5 Bc4 13. Qe3 Rc8 14. Bxf6 Nxf6 15. Bxc4 Qxc4 16. Nd2 Qc6 17. Qd3 b4 18. Nd5 Nxd5 19. exd5 Qb6 20. Ne4 a5 21. Kb1 a4 22. Rhf1 f6 23. g4 b3 24. cxb3 axb3 25. a3 h6 26. Rf3 Kf7 27. Qxb3 Qa6 28. Qd3 Qb6 29. Qe3 Qb5 30. Qd3 Qb6 31. Rf2 Rb8 32. Rc2 Qa5 33. Ka2 Rb5 34. Rdd2 Rhb8 35. Rc6 Rb4 36. Rc4 R4b5 37. Nc3 Rb3 38. Qe2 Qb6 39. Rc6 Qb7 40. Rc4 Bd8 41. a4 Qa7 42. Ne4 1/2-1/2

[Event "Ruhrgebiet Verbandsliga1 1112"]
[Site "Nordrheinwestfalen"]
[Date "2012.03.04"]
[Round "7.5"]
[White "Imcke, Patrick"]
[Black "Baerwolf, Steven"]
[Result "1/2-1/2"]
[WhiteElo "1821"]
[BlackElo "1896"]
[PlyCount "65"]
[EventDate "2012.09.18"]
[EventType "team-tourn"]
[EventRounds "9"]
[EventCountry "GER"]
[SourceTitle "EXT 2020"]
[Source "ChessBase"]
[SourceDate "2019.10.17"]
[SourceVersion "1"]
[SourceVersionDate "2019.10.17"]
[SourceQuality "1"]
[WhiteTeam "Katernberg SF III"]
[BlackTeam "Horst Emscher II"]
[WhiteTeamCountry "GER"]
[BlackTeamCountry "GER"]

1. e4 e6 2. d4 d5 3. Nc3 Bb4 4. Nge2 c5 5. dxc5 Nf6 6. Bg5 Bxc5 7. Qd2 h6 8. Bxf6 Qxf6 9. 0-0-0 Qxf2 10. Kb1 d4 11. Nb5 Na6 12. Nbxd4 Bxd4 13. Nxd4 Qxd2 14. Rxd2 Nc5 15. Bb5+ Ke7 16. e5 Rd8 17. Rhd1 Bd7 18. Bf1 Bc6 19. Nxc6+ bxc6 20. Kc1 Rxd2 21. Rxd2 Rd8 22. Re2 Rd5 23. c4 Rd4 24. Re3 Re4 25. Rxe4 Nxe4 26. Kc2 f5 27. b4 c5 28. a3 Kd7 29. Be2 Kc6 30. Bf3 cxb4 31. axb4 Kb6 32. Kd3 Ng5 33. Bh5 1/2-1/2

[Event "Solingen Karneval op"]
[Site "Solingen"]
[Date "2012.02.18"]
[Round "3"]
[White "Imcke, Patrick"]
[Black "Schulz, Wilhelm"]
[Result "1/2-1/2"]
[WhiteElo "1854"]
[BlackElo "2215"]
[PlyCount "55"]
[EventDate "2012.02.17"]
[EventType "swiss"]
[EventRounds "5"]
[EventCountry "GER"]
[SourceTitle "EXT 2015"]
[Source "ChessBase"]
[SourceDate "2014.11.20"]
[SourceVersion "1"]
[SourceVersionDate "2014.11.20"]
[SourceQuality "1"]

1. e4 c5 2. Nf3 e6 3. d4 cxd4 4. Nxd4 Nc6 5. Nc3 Qc7 6. Be3 a6 7. Be2 Nf6 8. f4 Bb4 9. Bf3 Na5 10. Qd3 Nc4 11. 0-0-0 Nxe3 12. Qxe3 0-0 13. e5 Ne8 14. g4 d6 15. Be4 g6 16. Nf3 d5 17. Bd3 Bxc3 18. bxc3 Qxc3 19. f5 exf5 20. gxf5 Bxf5 21. Qh6 Qa3+ 22. Kd2 f6 23. Bxf5 Ng7 24. Bd3 fxe5 25. Ng5 Qb4+ 26. Kc1 Qa3+ 27. Kd2 Qb4+ 28. Kc1 1/2-1/2

[Event "GER-chT U14"]
[Site "Lingen"]
[Date "2011.12.28"]
[Round "4.1"]
[White "Imcke, Patrick"]
[Black "Petrashov, Alexander"]
[Result "1-0"]
[WhiteElo "1848"]
[BlackElo "1751"]
[PlyCount "43"]
[EventDate "2011.12.27"]
[EventType "team-swiss"]
[EventRounds "7"]
[EventCountry "GER"]
[SourceTitle "EXT 2022"]
[Source "ChessBase"]
[SourceDate "2021.10.06"]
[SourceVersion "1"]
[SourceVersionDate "2021.10.06"]
[SourceQuality "1"]
[WhiteTeam "Katernberg U14"]
[BlackTeam "Nuernberg Sued SW U14"]
[WhiteTeamCountry "GER"]
[BlackTeamCountry "GER"]

1. e4 e5 2. Nf3 Nc6 3. d4 exd4 4. Nxd4 Qh4 5. Nc3 Bb4 6. Be2 Bxc3+ 7. bxc3 Qxe4 8. Nb5 Kd8 9. 0-0 a6 10. Nd4 Nge7 11. Re1 Qg6 12. Bf3 f5 13. Qe2 Qf6 14. Bb2 Qf7 15. Rad1 h5 16. Ne6+ Ke8 17. Nxc7+ Kd8 18. Nxa8 g5 19. Ba3 g4 20. Bxc6 Nxc6 21. Bd6 Qe6 22. Qd2 1-0